Ganadores de la Copa del Rey - Estadísticas

Estadísticas generales
  • Esta prueba ha sido intentada 12.995 veces
    3.098 desde el último reinicio
  • La puntuación promedio es 113 de 124
Estadísticas de respuestas
Edición Campeón % Correcto
1910 | 1912 | 1913 | +20 others F. C. Barcelona
100%
1905 | 1906 | 1907 | +4 others Madrid F. C.
100%
1946 | 1947 | 1961-62 | +4 others Real Madrid C. F.
100%
1981-82 | 1988-89 | 1992-93 | +3 others Real Madrid C. F.
100%
1903 | 1904 | 1910 | +12 others Athletic Club
97%
1972-73 Athletic de Bilbao
97%
1959-60 | 1960-61 | 1964-65 | +2 others Atlético de Madrid
97%
1984-85 | 1990-91 | 1991-92 | +2 others Atlético de Madrid
97%
1942 | 1951 | 1952 | +6 others C. F. Barcelona
97%
1909 C. C. San Sebastián
96%
1986-87 | 2019-20 | 2025-26 Real Sociedad
96%
1947-48 Sevilla C. F.
96%
1935 | 1939 Sevilla F. C.
96%
2006-07 | 2009-10 Sevilla F. C.
96%
1976-77 Real Betis Balompié
95%
2004-05 | 2021-22 Real Betis Balompié
95%
1941 | 1948-49 | 1954 | +5 others Valencia C. F.
94%
1994-95 | 2001-02 R. C. D. La Coruña
84%
1965-66 | 1985-86 | 1993-94 | +2 others Real Zaragoza
76%
1963-64 Real Zaragoza C. D.
76%
1928-29 | 1940 R. C. D. Español
74%
1999-00 | 2005-06 R. C. D. Espanyol
74%
1943 | 1944 | 1944-45 | +5 others Atlético de Bilbao
72%
2002-03 R. C. D. Mallorca
69%
1924 Real Unión Club
41%
1918 | 1927 Real Unión Club
40%
1919 Arenas de Guecho
37%
1913 Rácing de Irún
19%
No se encontraron pruebas coincidentes
Distribución de puntuación
Porcentaje de gente con cada puntuación
Porcentaje por número respondido
Historial de tus puntuaciones
No has intentado esta prueba desde el último reinicio